000
00284nam a22001217a 4500
003
OSt
005
20260210141506.0
008
260210b |||||||| |||| 00| 0 eng d
040
_c
UNESCO
082
_a
303.483
_b
UNE
245
_a
Gender Issues in the Information Society
942
_2
ddc
_c
BK
999
_c
4149
_d
4149